000 00743nas a2200253 4500
001 BR9100233
003 BR-BrBNA
005 20231205091856.0
007 ta
008 230509b bl.|||p| |||| 00| 00por d
040 _aBR-BrBNA
_bpor
_cBiblioteca Nacional de Agricultura
041 _a(En)
072 _aF01
100 1 _aSharma, P.N.
100 1 _aPereira, J.R.
245 1 _aWater production function of maize for northeast Brazil
650 _aMILHO
650 _aCULTURA IRRIGADA
650 _aRENDIMENTO
650 _aREGIAO NORDESTE
773 0 _tPesquisa Agropecuaria Brasileira (Brazil)
_xISSN 0100-204X
_g(Dec 1988), v. 23(12) p. 1413-1420
_wBR9100233
909 _a202311
_bLúcia
_c55
_dLúcia Elande
942 _2AGRIS
_n0
_cANA
999 _c127901
_d127901